00459pam a2200157 a 4500020003500000040000800035082002600043100002400069245004900093250001200142260004700154300003500201650002400236650002300260700001800283 a0077091477 (pbk. : alk. paper) cDLC00a547 HIL 1995 A057 Or.1 aWilliams, Dudley H.10aSpectroscopic methods in organic chemistry / a5th ed. aLondon ;aNew York :bMcGraw-Hill,cc1995. axiii, 329 p. :bill. ;c24 cm. 0aChemistry, Organic. 0aSpectrum analysis.1 aFleming, Ian,